LEADER 01067nam0-2200337 --450 001 9910745096903321 005 20231013102118.0 010 $a88-222-5272-1 100 $a20231013d2003----kmuy0itay5050 ba 101 0 $aita$ager 102 $aIT 105 $aa c 001yy 200 1 $aPaesaggio culturale e biodiversità$eprincipi generali, metodi, proposte operative$fa cura di Rita Colantonio Venturelli e Felix Müller 210 $aFirenze$cLeo S. Olschki$d2003 215 $aXV, 258 p.,$cill.$d24 cm 225 1 $aVilla Vigoni$iStudi italo-tedeschi$v8 225 1 $aGiardini e paesaggio$v7 610 0 $aBoschi e foreste$aTutela$aItalia 610 0 $aBoschi e foreste$aTutela$aGermania 676 $a333.750943 676 $a333.9516 676 $a712 702 1$aMuller,$bFelix 702 1$aColantonio Venturelli,$bRita 801 0$aIT$bUNINA$gREICAT$2UNIMARC 901 $aBK 912 $a9910745096903321 952 $aART.FI B 658$b712/2023$fFARBC 959 $aFARBC 996 $aPaesaggio culturale e biodiversità$959022 997 $aUNINA